| 000 | 01070nam a2200205Ia 4500 | ||
|---|---|---|---|
| 001 | 8005 | ||
| 003 | GE_BSU | ||
| 008 | 181216s||||||||xx |||||||||||||| ||und|| | ||
| 040 | _cGE_BSU | ||
| 245 | _aსაქართველოს ბიბლიოთეკა:№3(52) 2013 | ||
| 245 | _bჟურნალი გამოდის წელიწადში ოთხჯერ. | ||
| 245 | _cრედ.: ალექსანდრე ლორია, გურამ თაყნიაშვილი. | ||
| 260 | _aთბილისი | ||
| 260 | _bინდსაწარმო ”ალი” | ||
| 260 | _c2013 | ||
| 300 | _a52გვ;28სმ. | ||
| 520 | _aდამფუძნებლები: საქართველოს პარლამენტის ილია ჭავჭავაძის სახელობის ეროვნული ბიბლიოთეკა,საქართველოს საბიბლიოთეკო ასოციაცია. | ||
| 653 | _aპერიოდიკა | ||
| 942 | _cCR | ||
| 999 |
_c41347 _d41347 |
||